Statistics for SAT Words HARD Click Quiz - H #3

Click here to take the quiz!

General Stats

  • This quiz has been taken 83 times
  • The average score is 8 of 15

Answer Stats

HintAnswer% Correct
Young female cow that hasn’t borne a calfHeifer
85%
Place of rest over winter, particularly for animalsHibernaculum
83%
A Muslim who can recite the Quran by heartHafiz
75%
Foggy ring around a light source in a photoHalation
71%
Clothing related to a profession; trappingsHabiliment
65%
Cheat or deceive through flattery, sweet talk, or seductionHoneyfuggle
65%
Covered in bristles or stiff hairsHispid
63%
Felt hat with a dented crown and stiff brim that curls upwards at the sidesHomburg
52%
Mistress or courtesan of the upper classHetaera
50%
Relating to the drowsy state as one first wakes upHypnopompic
46%
Use of short lines on a map to show contourHachure
44%
Relating to the drowsy state as one falls asleepHypnagogic
44%
Word or term that appears just once in a literary workHapax Legomenon
40%
Secret, clandestineHugger-mugger
29%
Expressing a single idea with two words with “and”; e.g., “sound and fury”Hendiadys
27%

Score Distribution

Percentile by Number Answered

Percent of People with Each Score

Your Score History

You have not taken this quiz